00375nam a22001577a 4500003000400000005001700004008004100021020002200062035001300084040001500097082000600112100001300118245002900131260004100160300001600201dpl20181222130523.0181222b ||||| |||| 00| 0 eng d a817108303Xc25.00 aA-827380 aDPLbENc0 aS aDrago, C aA Friendly BoycC. Drago aBombaybBetter yourself books.c1995 a127p:c12cm